<?xml version="1.0" encoding="UTF-8"?>
<record
    xmlns:xsi="http://www.w3.org/2001/XMLSchema-instance"
    xsi:schemaLocation="http://www.loc.gov/MARC21/slim http://www.loc.gov/standards/marcxml/schema/MARC21slim.xsd"
    xmlns="http://www.loc.gov/MARC21/slim">

  <leader>01488    a2200205   4500</leader>
  <controlfield tag="001">57788</controlfield>
  <controlfield tag="005">20260407155838.0</controlfield>
  <controlfield tag="008">260407a1986    arg                 spa d</controlfield>
  <controlfield tag="003">AR-UNSa-BCEJYS</controlfield>
  <datafield tag="040" ind1=" " ind2=" ">
    <subfield code="a">AR-UNSa-BCEJYS</subfield>
    <subfield code="b">spa</subfield>
    <subfield code="c">AR-UNSa-BCEJYS</subfield>
  </datafield>
  <datafield tag="080" ind1=" " ind2=" ">
    <subfield code="a">665.5</subfield>
    <subfield code="x">Aceites Esenciales. Perfumer&#xED;a. Cosm&#xE9;ticos</subfield>
  </datafield>
  <datafield tag="245" ind1="1" ind2="0">
    <subfield code="a">Aceites esenciales y oleorresinas</subfield>
    <subfield code="p">estudio de distintos productores y de mercados importantes</subfield>
  </datafield>
  <datafield tag="264" ind1=" " ind2="1">
    <subfield code="a">Ginegra :</subfield>
    <subfield code="b">CCI (Centro de Comercio Internacional)</subfield>
    <subfield code="c">1986</subfield>
  </datafield>
  <datafield tag="300" ind1=" " ind2=" ">
    <subfield code="a">222 p.</subfield>
    <subfield code="c">21 cm.</subfield>
  </datafield>
  <datafield tag="505" ind1=" " ind2=" ">
    <subfield code="a">Parte I: Monograf&#xED;as sobre determinados aceites esenciales y oleorresinas de especias: 1. Aceites esenciales &#x2013; 2. Oleorresinas de especias &#x2013; Parte II: Examen de algunos pa&#xED;ses / zonas productores: 1. Brasil &#x2013; 2. China &#x2013; 3. Comoras &#x2013; 4. Egipto &#x2013; 5. Europa &#x2013; 6. Guinea &#x2013; 7. Hait&#xED; &#x2013; 8. India &#x2013; 9. Indonesia &#x2013; 10. Malawi &#x2013; 11. M&#xE9;xico &#x2013; 12. Marruecos &#x2013; 13. Pakist&#xE1;n &#x2013; 14. Paraguay &#x2013; 15. Per&#xFA; &#x2013; 16. Singapur &#x2013; 17. Sri Lanka &#x2013; 18. Tailandia &#x2013; 19. Republica unida de Tanzania &#x2013; Parte III: Examen de mercados importantes para aceites esenciales y oleorresinas de especias: 1. Am&#xE9;rica del Norte &#x2013; 2. Europa occidental &#x2013; 3. Jap&#xF3;n &#x2013; Parte IV: Estructura y procedimientos comerciales: 1. La estructura b&#xE1;sica &#x2013; 2. Envasado &#x2013; 3. Aspectos institucionales y legislativos </subfield>
  </datafield>
  <datafield tag="041" ind1=" " ind2=" ">
    <subfield code="a">spa</subfield>
  </datafield>
  <datafield tag="942" ind1=" " ind2=" ">
    <subfield code="c">BK</subfield>
  </datafield>
  <datafield tag="590" ind1=" " ind2=" ">
    <subfield code="a">niveau_biblio:m niveau_hierar:0</subfield>
  </datafield>
  <datafield tag="100" ind1="1" ind2=" ">
    <subfield code="a">Centro de Comercio Internacional (CCI)</subfield>
  </datafield>
  <datafield tag="999" ind1=" " ind2=" ">
    <subfield code="c">6297</subfield>
    <subfield code="d">6297</subfield>
  </datafield>
  <datafield tag="952" ind1=" " ind2=" ">
    <subfield code="0">0</subfield>
    <subfield code="1">0</subfield>
    <subfield code="4">0</subfield>
    <subfield code="7">0</subfield>
    <subfield code="a">BCEJYS</subfield>
    <subfield code="b">BCEJYS</subfield>
    <subfield code="c">16</subfield>
    <subfield code="d">2026-04-07</subfield>
    <subfield code="l">0</subfield>
    <subfield code="o">665.5 C397a</subfield>
    <subfield code="p">L128872</subfield>
    <subfield code="r">2026-04-07 15:58:38</subfield>
    <subfield code="w">2026-04-07</subfield>
    <subfield code="y">L</subfield>
  </datafield>
</record>
